000 01700nam0a2200373 4500
001 RU\NLR\bibl\1866976
005 20260405071018.0
010 _a978-5-94808-570-8
_9500
021 _aRU
_b2010-95438
035 _a(nilc)RSL-KNO-004873486
035 _a(NLR Aleph) 001856849
090 _a2477597
_c2477597
100 _a20101206d2010 |||y0rusy50 ca
101 0 _arus
102 _aRU
105 _ay zzzz|||||
200 1 _aАграрные преобразования в России в 1917- начале 1920-х годов: источниковедческие очерки
_e(по материалам Среднего Поволжья и Приуралья)
_eмонография
_fА.А. Иванов
_gФедер. агентство по образованию, ГОУВПО "Марийский гос. ун-т", Ист. фак.
210 _aЙошкар-Ола
_cМарийский государственный университет
_d2010
215 _a287 с.
_cтабл.
_d21
320 _aБиблиогр. в подстроч. примеч.
606 1 _aАграрные реформы
_yРоссия
_z20 в.
_92607797
_3RU\NLR\auth\661544355
686 _aТ3(2)71-205.9Урало-Поволжье,01
_2rubbk
686 _aТ211(2Р355)7,0
_2rubbk
686 _aУ03(2)710-156,0
_2rubbk
686 _aУ32(2)-183
686 _aТ3(2Р35)71
686 _aТ3(2Р36)71
700 1 _4340
_7ca
_8rus
_aИванов
_bА. А.
_cд-р ист. наук
_gАлексей Ананьевич
_97250
_3RU\NLR\AUTH\7724199
801 0 _aRU
_bRuMoRKP
_c20101206
_grcr
801 1 _aRU
_bRuMoRGB
_c20101206
801 2 _aRU
_bNLR
_c20110621
_grcr
942 _cBOOK
980 _aNB